Comic Character by Cover Artist Part 68 (John Byrne) Quiz Stats

 Plays Quiz not verified by Sporcle

Support Sporcle.
Go Orange.
Score 0/88 Timer 08:00
0 Plays Today
% Correct
She-Hulk
97.9%
She-Hulk
97.9%
JW
97.9%
Hulk
97.4%
Human Torch
97.4%
Human Torch
97.4%
Human Torch
97.4%
Joe Fixit
97.4%
Mr. Fantastic
97.4%
Mr. Fantastic
97.4%
Mr. Fantastic
97.4%
RR
97.4%
Sub-Mariner
97.4%
Sub-Mariner
97.4%
Superman
97.4%
Superman
97.4%
Thing
97.4%
Thing
97.4%
Captain America
97%
Captain America
97%
SR
97%
Green Lantern
97%
Spider-Man
97%
Thor
96.1%
Thor
96.1%
Vision
96.1%
Vision
96.1%
Vision
96.1%
Invisible Girl
95.7%
IW
95.7%
% Correct
Scarlet Witch
95.7%
Scarlet Witch
95.7%
Scarlet Witch
95.7%
Wonder Woman
95.7%
Angel
94.8%
Angel
94.8%
Iceman
94.8%
Iceman
94.8%
Iron Fist
94.8%
Iron Man
94.4%
Iron Man
94.4%
Wonder Man
93.6%
Wonder Man
93.6%
Dr. Doom
93.1%
Cyclops
91.8%
Tigra
91%
Hercules
90.6%
Wasp
90.6%
Wasp
90.6%
JvD
90.6%
Puck
90.1%
Black Queen
89.3%
Colossus
89.3%
Sasquatch
88.8%
Hank Pym
86.7%
Hank Pym
86.7%
Guardian
85.4%
U.S.Agent
85%
Wolverine
85%
Batroc the Leaper
82%
% Correct
Northstar
81.5%
The Spectre
81.1%
Aurora
79.8%
Etrigan
79%
Snowbird
78.5%
BP
77.3%
Namorita
75.1%
Shaman
74.7%
Hawkeye
74.2%
Black King
73.8%
Terrax
71.2%
Diablo
70.8%
Marrina
68.7%
Yellowjacket
67.8%
BW
65.2%
CM
64.8%
Metallo
61.4%
Beast
52.4%
Mastermind
51.1%
Black Bishop
50.2%
Quasar
47.6%
Mockingbird
46.4%
Wyatt Wingfoot
41.2%
Mister Hyde
35.6%
Master Pandemonium
30.9%
Magpie
29.2%
Morgaine le Fey
25.3%
Terminus
23.2%

You're not logged in!

Compare scores with friends on all Sporcle quizzes.
OR
Log In

From the Vault

Missing Word Crossword: Toys

by BookishGirl98

If you're unsure of any answers, ask your Magic 8-Ball what letters go where.
Remove Ads.
Support Sporcle.
Get the best of Sporcle when you Go Orange. This ad-free experience offers more features, more stats, and more fun while also helping to support Sporcle. Thank you for becoming a member.

Show Comments

Extras

Top Quizzes Today


Score Distribution

Your Account Isn't Verified!

In order to create a playlist on Sporcle, you need to verify the email address you used during registration. Go to your Sporcle Settings to finish the process.

Report this User

Report this user for behavior that violates our Community Guidelines.

Details: